01286nam a2200313Ia 4500001000600000003000500006008004100011010001100052040000900063090001600072100003300088245017200121260004100293300001900334502008100353650004100434650004300475650004100518650003100559700003800590901001600628902000600644910000900650942000600659942000600665999001900671952014100690952014100831Z_554CHAP220113s1983 xx 000 0 und d a163664 cCHAP aTesis M 272 aMoreno Alvarez, Mario978559 aUtilización del grano de cervecería ensilado como ingredientes en raciones para vacas lecheras en producción /cpor Mario Moreno Alvarez y Pedro Terrazas Medina aChapingo, Méx. :bEl autor,c1983 a76 h. gráfs. aTesis (Ing. Agrónomo Esp. en Zootecnia) -- UACH. Departamento de Zootecnia aCebada malteraxSubproductos 920730 aGanado lecheroxAlimentación 945238 aGanado lecheroxProducción 945288 aLechexProducción965400 aI. Terrazas Molina, Pedro9137811 aTESIS M 272 aM a1983 c2 c2 c163664d163664 00102local4051708TESISaZbZd2005-11-09eEl autorl0oTesis M67 272 1983p5101000409r2022-01-18 00:00:00tEj.1w2022-01-18yTESIS 00102local4055708TESISaZbZd2005-11-09eEl autorl0oTesis M67 272 1983p5101000410r2022-01-18 00:00:00tEj.2w2022-01-18yTESIS